Detalles MARC
| 000 -CABECERA |
| campo de control de longitud fija |
01048nam a2200253 a 4500 |
| 001 - NÚMERO DE CONTROL |
| campo de control |
000025145 |
| 005 - FECHA Y HORA DE LA ÚLTIMA TRANSACCIÓN |
| campo de control |
20200930023603.0 |
| 008 - DATOS DE LONGITUD FIJA--INFORMACIÓN GENERAL |
| campo de control de longitud fija |
110210s1973 mx ad r 000 0 spa d |
| 040 ## - FUENTE DE LA CATALOGACIÓN |
| Centro catalogador/agencia de origen |
DO-SdBNP |
| Lengua de catalogación |
spa |
| Centro/agencia transcriptor |
BNPHU |
| 082 ## - NÚMERO DE LA CLASIFICACIÓN DECIMAL DEWEY |
| Número de clasificación |
xxxxx |
| Número de documento/Ítem |
S319c |
| 049 ## - FONDOS LOCALES (OCLC) |
| Fondos de biblioteca |
BNGR |
| 100 1# - ENTRADA PRINCIPAL--NOMBRE DE PERSONA |
| Nombre de persona |
Schein, Edgar H. |
| 9 (RLIN) |
51557 |
| 245 10 - MENCIÓN DE TÍTULO |
| Título |
Consultoria de procesos : |
| Resto del título |
su papel en el desarrollo organizacional / |
| Mención de responsabilidad, etc. |
Edgar H. Schein ; traducción Ángel Gaos ; colaboración Jaime Lopera Hernando Casas. |
| 260 ## - PUBLICACIÓN, DISTRIBUCIÓN, ETC. |
| Lugar de publicación, distribución, etc. |
México, D. F. : |
| Nombre del editor, distribuidor, etc. |
Centro Regional de Ayuda Técnica : |
| -- |
Agencia para el Desarrollo Internacional (A.I.D.), |
| Fecha de publicación, distribución, etc. |
1973. |
| 300 ## - DESCRIPCIÓN FÍSICA |
| Extensión |
xi, 163 p. : |
| Otras características físicas |
il., diagrs. ; |
| Dimensiones |
19.5 cm. |
| 490 1# - MENCIÓN DE SERIE |
| Mención de serie |
Desarrollo organizacional ; |
| Designación de volumen o secuencia |
6 |
| 500 ## - NOTA GENERAL |
| Nota general |
Incluye glosario de términos. |
| 500 ## - NOTA GENERAL |
| Nota general |
Incluye referencias bibliográficas. |
| 504 ## - NOTA DE BIBLIOGRAFÍA, ETC. |
| Nota de bibliografía, etc. |
Incluye referencias bibliográficas y notas al pie de las páginas. |
| 700 1# - PUNTO DE ACCESO ADICIONAL--NOMBRE DE PERSONA |
| Nombre de persona |
Gaos, Ángel, |
| Término indicativo de función/relación |
tr. |
| 9 (RLIN) |
51558 |
| 700 1# - PUNTO DE ACCESO ADICIONAL--NOMBRE DE PERSONA |
| Nombre de persona |
Lopera, Jaime |
| 9 (RLIN) |
51559 |
| 700 1# - PUNTO DE ACCESO ADICIONAL--NOMBRE DE PERSONA |
| Nombre de persona |
Casas, Hernando, |
| 9 (RLIN) |
51560 |
| 830 #0 - PUNTO DE ACCESO ADICIONAL DE SERIE-TÍTULO UNIFORME |
| Título uniforme |
Desarrollo organizacional ; |
| Número de parte o sección de la obra |
6 |
| 9 (RLIN) |
51561 |